000 00631nam a22002171c 4500
001 010365249
008 160926s1979 gw |||| 000u eng d
020 _a0803998481
_90-8039-9848-1
100 1 _aUldricks, Teddy James
245 0 0 _aDiplomacy and ideology :
_bthe origins of Soviet foreign relations 1917 - 1930 /
_cTeddy J. Uldricks
264 _aLondon [u.a.] :
_bSage,
_c1979
300 _a239 S.
648 0 _a1917-1930
650 0 _aAußenpolitik
650 0 _aDiplomatie
651 0 _aSowjetunion
942 _cMG
040 _cRU-10907106
003 RU-10907106
999 _c38924
_d38924
490 0 _aSage studies in 20th century history
_v9